00723 2200241 4500001002100000005001500021035002000036007000300056008004100059020002200100082000800122084001400130100002500144245016400169250001000333260002600343300003900369500001100408650001700419700002000436700001600456990000900472INLIS00000000000350420190528093932 a0010-0519000095ta190528 g 0 ind  a978-602-14105-0-9 a345 a345 MET s0 aMETTA, Dharmasaputra1 aSaksi Kunci :bKisah Nyata Perburuan Vincent, Pembocor Rahasia Pajak Asian Agri Group /cMetta Dharmasaputra; editor, Amarzan Loebis; editor bahasa, Uu Suhardi acet.1 a[s.l] :bTempo,c2013 axliii, 445 hlm. :bilus. ;c21 cm. aIndeks 4aHUKUM PIDANA0 aAMARZAN, Loebis0 aUU, Suhardi a6359